Statistics for Words that End in "-uke"

Click here to take the quiz!

General Stats

  • This quiz has been taken 138 times
  • The average score is 5 of 7

Answer Stats

Answer% Correct
Puke
94%
Duke
91%
Nuke
87%
Fluke
81%
Juke
73%
Rebuke
44%
Archduke
18%

Score Distribution

Percentile by Number Answered

Percent of People with Each Score

Your Score History

You have not taken this quiz